00465nam a22001577a 450000500170000000800410001702000160005804100120007408200120008610000220009824500640012025000180018426000470020230000330024965000250028220231113073751.0231113b |||||||| |||| 00| 0 eng d a07021036667 aEnglish a346 KAH aKahn, ElEnglish  aSouth African Law of Domicile of Natural Persons / cE Kahn aFirst Edition aCape Town : bJuta and Company Ltd, c1972 bxii, 103 pages ; c24,5 cm.  aLegal practice bLaw